ARRUPE JESUIT UNIVERSITY

CORONAVIRUS -STOP THE SPREAD - CLEAN,DISINFECT,COVER

Christianity unveiled : (Record no. 125877)

MARC details
000 -LEADER
fixed length control field 00895cam a2200253 i 4500
001 - CONTROL NUMBER
control field 3613690
003 - CONTROL NUMBER IDENTIFIER
control field ARRUPE
005 - DATE AND TIME OF LATEST TRANSACTION
control field 20161206094105.0
008 - FIXED-LENGTH DATA ELEMENTS--GENERAL INFORMATION
fixed length control field 741021r19741819nyu b 000 0 eng
010 ## - LIBRARY OF CONGRESS CONTROL NUMBER
LC control number 73008280
020 ## - INTERNATIONAL STANDARD BOOK NUMBER
International Standard Book Number 0879680687
040 ## - CATALOGING SOURCE
Original cataloging agency DLC
Transcribing agency DLC
Modifying agency DLC
041 1# - LANGUAGE CODE
Language code of text/sound track or separate title engfre
050 00 - LIBRARY OF CONGRESS CALL NUMBER
Classification number BL2773
Item number .H67 1974
082 00 - DEWEY DECIMAL CLASSIFICATION NUMBER
Classification number 230
300 ## - PHYSICAL DESCRIPTION
Dimensions 24 cm.
100 1# - MAIN ENTRY--PERSONAL NAME
Personal name Holbach, Paul Henri Thiry,
Titles and other words associated with a name baron d',
Dates associated with a name 1723-1789.
9 (RLIN) 27949
245 10 - TITLE STATEMENT
Title Christianity unveiled :
Remainder of title being an examination of the principles and effects of the Christian religion /
Statement of responsibility, etc by Baron d'Holbach (Paul Henri Thiry Holbach) ; translated from the French of Boulanger by W. M. Johnson.
260 ## - PUBLICATION, DISTRIBUTION, ETC. (IMPRINT)
Place of publication, distribution, etc Memphis :
Name of publisher, distributor, etc General Books,
Date of publication, distribution, etc 2012.
300 ## - PHYSICAL DESCRIPTION
Extent 38 p. ;
504 ## - BIBLIOGRAPHY, ETC. NOTE
Bibliography, etc Includes bibliographical references.
650 #0 - SUBJECT ADDED ENTRY--TOPICAL TERM
Topical term or geographic name as entry element Rationalism
9 (RLIN) 85
906 ## - LOCAL DATA ELEMENT F, LDF (RLIN)
a 7
b cbc
c orignew
d 2
e ocip
f 19
g y-gencatlg
942 ## - ADDED ENTRY ELEMENTS (KOHA)
Source of classification or shelving scheme Library of Congress Classification
Koha item type Monograph ( Printed materials)
Holdings
Withdrawn status Lost status Source of classification or shelving scheme Damaged status Not for loan Collection code Home library Current library Shelving location Date acquired Total Checkouts Full call number Barcode Date last seen Price effective from Koha item type
    Library of Congress Classification     Main Collection ARRUPE LIBRARY ARRUPE LIBRARY Main Collection 06/12/2016   BL2773 .H67 46500020872 06/12/2016 06/12/2016 Monograph ( Printed materials)

 

Arrupe Library. PO Box MP320 Mt Pleasant, Harare, Zimbabwe
263 242 745411|librarian@aju.ac.zw